000 00375nam a22001577a 4500
020 _a9-10000-091205
082 _a894.812.3
_bKAV/P
100 _aA.B.V. KAVILPPADU
245 _aPAMBARA VIDIKAL
250 _a19
260 _aTHRISSUR
_bH&C PUBLISHING
_c2005
300 _a47
520 _aCOMIC STORIES FOR KIDS
650 _aMALAYALAM SHORT STORIES
_zKERALA
942 _cBK
999 _c1126
_d1126